000 00796cam a22002291 4500
001 f 01002088
003 DLC
005 20260227111242.0
008 801121s1869 fr 000 0 fre
010 _af 01002088
035 _a(OCoLC)6965625
040 _aDLC
_cOCl
_dDLC
042 _apremarc
050 0 0 _aJN2552.1869
_b.S5
100 1 _aSimon, Jules,
_d1814-1896.
245 1 3 _aLa politique radicale,
_cpar Jules Simon.
250 _a3. éd.
260 _aParis,
_bLibrairie internationale; [etc., etc.]
_c1869.
300 _a2 p. l., 396 p.
_c24 cm.
505 0 _aPréface.--Séparation de l'église et de l'État.--Liberté de la presse.--Abolition des armées permanentes.--Les écoles.--Droit de réunion et d'association.
651 0 _aFrance
_xPolitics and government
_y1852-1870.
999 _c22713
_d22713